00309nam a2200121Ia 4500008004100000041000800041082001500049100001800064245001700082260005300099300002400152365001100176240624s9999 xx 000 0 und d aeng a891.43 CAR aCARNEGIE DALE aLOK VYAVHAAR c2015aNew DelhibManjul Publishing House Pvt Ltd a364 : p. : cm. ; 18 cRSb25